| 000 | 01160nam a22003257a 4500 | ||
|---|---|---|---|
| 001 | 246 | ||
| 003 | FISKH | ||
| 005 | 20250611091603.0 | ||
| 008 | 230309b cb ||||| |||| 00| 0 eng d | ||
| 020 | _a9780590309073 | ||
| 040 |
_aDLC _cDLC _dDLC _dFISKH _beng |
||
| 042 | _alcac | ||
| 050 | 0 | 0 |
_aPZ7.F8747 _bCp 2001 |
| 082 | 0 | 0 |
_a823.9 _221 |
| 100 | 1 |
_aFreeman, Don, _d1908-1978. |
|
| 245 | 1 | 0 |
_aCorduroy _cby Don Freeman |
| 260 |
_aNew York _bScholastic _c1968 |
||
| 300 |
_ax, 117 p. : _bcol. ill. ; _c26 cm. |
||
| 500 | _a"Includes 11 complete stories" | ||
| 505 | 0 | _aK | |
| 505 | 0 | _aCorduroy -- Chuggy and the blue caboose -- Pet of the Met -- Beady Bear -- Mop Top -- Fly high, fly low -- Norman the doorman -- Dandelion -- Tilly Witch -- Flash the Dash -- Gayelord. | |
| 521 | 8 |
_a600
_bLexile |
|
| 521 | 8 |
_aK
_bLexile |
|
| 650 | 0 | _aChildren's stories, American. | |
| 650 | 1 | _aShort stories. | |
| 700 | 1 |
_aMarcus, Leonard S., _d1950- |
|
| 906 |
_a7 _bcbc _corignew _d1 _eecip _f20 _gy-gencatlg |
||
| 942 |
_2ddc _cBK _n0 |
||
| 999 |
_c246 _d246 |
||